Diseño del modelo de gestión metrológica, normalización y pruebas (M.N.P.C.) para el aseguramiento de la calidad en el sistema integral de adquisición de equipo en la Caja Costarricense de Seguro Social
Salvato in:
| Autore principale: | |
|---|---|
| Altri autori: | |
| Natura: | Libro |
| Pubblicazione: |
San José, Costa Rica
1994
|
| Soggetti: | |
| Tags: |
Aggiungi Tag
Nessun Tag, puoi essere il primo ad aggiungerne!!
|
MARC
| LEADER | 00000nam a2200000Ia 4500 | ||
|---|---|---|---|
| 001 | 007452 | ||
| 003 | 007452 | ||
| 005 | 20221231144303.0 | ||
| 008 | 140114s1994 cr a m 000 ||s d | ||
| 040 | |c cru CEDI | ||
| 090 | |a TFG 3162 | ||
| 100 | |a Gerli Amador, Ricardo |9 11287 | ||
| 245 | |a Diseño del modelo de gestión metrológica, normalización y pruebas (M.N.P.C.) para el aseguramiento de la calidad en el sistema integral de adquisición de equipo en la Caja Costarricense de Seguro Social | ||
| 260 | |c 1994 |a San José, Costa Rica | ||
| 300 | |a xiv, [409] hojas : ilustraciones ; 28 cm. | ||
| 500 | |a Proyecto de graduacion (licenciatura en ingenieria industrial)--Universidad de Costa Rica. Facultad de Ingeniería. Escuela de Ingenieria Industrial | ||
| 650 | |x CAJA COSTARRICENSE DE SEGURO SOCIAL (SAN JOSE).. GERENCIA DE OPERACIONES |x CONTROL DE CALIDAD |9 11290 | ||
| 700 | |9 11288 |a Umaña Gómez, Ricardo | ||
| 942 | |c TFG | ||
| 999 | |c 19612 |d 19612 | ||
